日本のBS放送局 - Statistics

General Stats
  • This quiz has been taken 146 times
  • The average score is 13 of 29
Answer Stats
Answer % Correct
BS朝日
93%
BS-TBS
93%
BS日テレ
91%
BSフジ
89%
NHK BS1
86%
BSテレ東
85%
BS11
66%
NHK BSプレミアム
66%
BS12 トゥエルビ
57%
放送大学
51%
BSよしもと
46%
J SPORTS 1
39%
J SPORTS 2
39%
J SPORTS 3
39%
グリーンチャンネル
37%
アニマックス
36%
BS松竹東急
36%
J SPORTS 4
34%
WOWOWプライム
32%
スターチャンネル1
31%
スターチャンネル2
31%
スターチャンネル3
30%
ディズニー・チャンネル
27%
WOWOWシネマ
26%
BSJapanext
24%
WOWOWライブ
23%
日本映画専門チャンネル
17%
BS釣りビジョン
12%
WOWOWプラス
7%
No matching quizzes found
Score Distribution
Percent of People with Each Score
Percentile by Number Answered
Your Score History
You have not taken this quiz